[Event "POL-ch Rapid U18"]
[Site "Bydgoszcz"]
[Date "2023.08.30"]
[Round "10"]
[White "Branecki, Maciej"]
[Black "Wojewoda, Franciszek"]
[Result "0-1"]
[WhiteElo "1175"]
[BlackElo "1011"]
[PlyCount "146"]
[EventDate "2023.08.28"]
[EventType "swiss"]
[EventRounds "11"]
[EventCountry "POL"]
[SourceTitle "EXT 2024"]
[Source "ChessBase"]
[SourceDate "2023.10.10"]
[SourceVersion "1"]
[SourceVersionDate "2023.10.10"]
[SourceQuality "1"]

1. e4 e5 2. Nf3 Nf6 3. Nc3 Nc6 4. Bc4 Bb4 5. d3 d6 6. 0-0 Bg4 7. h3 Bh5 8. Nd5 Nxd5 9. Bxd5 Nd4 10. c3 Nxf3+ 11. gxf3 Bc5 12. d4 exd4 13. cxd4 Bb6 14. Qd2 Qh4 15. Kg2 0-0 16. Qf4 Qxf4 17. Bxf4 Bxd4 18. Bxb7 Rab8 19. Bd5 Rxb2 20. Rac1 Bb6 21. e5 Rd8 22. Be4 dxe5 23. Bxe5 Rb5 24. Bxc7 Bxc7 25. Rxc7 Ra5 26. Rd1 Rf8 27. Rdd7 Rxa2 28. Rxa7 Rxa7 29. Rxa7 Bg6 30. Bd5 h6 31. Kg3 Rd8 32. Ba2 Rd1 33. Kg2 Kf8 34. Bb3 Rb1 35. Bd5 Rd1 36. Bc6 Rc1 37. Ra8+ Ke7 38. Re8+ Kd6 39. Be4 Bxe4 40. fxe4 Re1 41. Rg8 g6 42. Rh8 h5 43. Rh7 Ke6 44. Rh8 Ke7 45. f3 Rd1 46. Ra8 Rd8 47. Rxd8 Kxd8 48. Kg3 Ke7 49. Kf4 Kf6 50. e5+ Ke6 51. Ke4 f6 52. exf6 Kxf6 53. f4 Ke6 54. h4 Kf6 55. Kf3 Kf5 56. Kg3 Ke4 57. f5 gxf5 58. Kh3 Kf3 59. Kh2 Kg4 60. Kg2 Kxh4 61. Kf3 Kg5 62. Kg3 f4+ 63. Kf3 Kf5 64. Kf2 Kg4 65. Kg2 h4 66. Kf2 Kg5 67. Kf3 Kf5 68. Kg2 Ke4 69. Kf2 f3 70. Kf1 Ke3 71. Ke1 h3 72. Kf1 h2 73. Ke1 h1R# 0-1

[Event "POL-ch Rapid U18"]
[Site "Bydgoszcz"]
[Date "2023.08.30"]
[Round "11"]
[White "Wojewoda, Franciszek"]
[Black "Kania, Maciej"]
[Result "0-1"]
[WhiteElo "1011"]
[BlackElo "1242"]
[PlyCount "54"]
[EventDate "2023.08.28"]
[EventType "swiss"]
[EventRounds "11"]
[EventCountry "POL"]
[SourceTitle "EXT 2024"]
[Source "ChessBase"]
[SourceDate "2023.10.10"]
[SourceVersion "1"]
[SourceVersionDate "2023.10.10"]
[SourceQuality "1"]

1. e4 e5 2. d4 exd4 3. c3 dxc3 4. Bc4 Nf6 5. Nxc3 Nc6 6. Bg5 d6 7. Nd5 Ne5 8. Bb3 c6 9. Nxf6+ gxf6 10. Bf4 Bg4 11. f3 Bh5 12. Ne2 Rg8 13. Ng3 Bg6 14. 0-0 h5 15. Re1 h4 16. Nf5 Bxf5 17. exf5 Qd7 18. Bd2 0-0-0 19. Qc2 Nxf3+ 20. Kf2 Nxe1 21. Rxe1 d5 22. Rd1 Bc5+ 23. Qxc5 Qxf5+ 24. Kg1 Rxg2+ 25. Kxg2 Rg8+ 26. Bg5 Rxg5+ 27. Kh1 Qf3# 0-1

[Event "POL-ch Rapid U18"]
[Site "Bydgoszcz"]
[Date "2023.08.29"]
[Round "3"]
[White "Fuks, Milan"]
[Black "Wojewoda, Franciszek"]
[Result "1-0"]
[WhiteElo "1129"]
[BlackElo "1011"]
[PlyCount "101"]
[EventDate "2023.08.28"]
[EventType "swiss"]
[EventRounds "11"]
[EventCountry "POL"]
[SourceTitle "EXT 2024"]
[Source "ChessBase"]
[SourceDate "2023.10.10"]
[SourceVersion "1"]
[SourceVersionDate "2023.10.10"]
[SourceQuality "1"]

1. e4 e5 2. Nf3 Nf6 3. d4 exd4 4. e5 Qe7 5. Bd3 d6 6. 0-0 dxe5 7. Nxe5 Nc6 8. Nxc6 bxc6 9. Re1 Be6 10. Bg5 Qc5 11. Bxf6 gxf6 12. Qf3 Rg8 13. Qxf6 Be7 14. Qf4 Bd6 15. Qh6 Qb4 16. Nd2 Rg6 17. Bxg6 hxg6 18. Ne4 Bf8 19. Qg5 Qxb2 20. Nf6+ Ke7 21. Ne4+ Ke8 22. Nc5 Bxc5 23. Qxc5 Kd7 24. Rad1 Ke8 25. Qxc6+ Ke7 26. Qxa8 Qxc2 27. Qxa7 Kf6 28. Qxd4+ Kg5 29. Qe3+ Kf6 30. Qe5+ Ke7 31. Rc1 Qd2 32. Rxc7+ Kd8 33. Rc6 Ke7 34. Rxe6+ fxe6 35. Qxe6+ Kd8 36. Qe8+ Kc7 37. Re7+ Kb6 38. Qxg6+ Kc5 39. Re5+ Kd4 40. Qe4+ Kc3 41. Qe3+ Qxe3 42. Rxe3+ Kd2 43. h4 Kd1 44. h5 Kd2 45. h6 Kd1 46. h7 Kd2 47. h8Q Kd1 48. Qd4+ Kc2 49. Rc3+ Kb2 50. Qb4+ Kxa2 51. Ra3# 1-0